000 00689nam a2200205Ia 4500
001 11091
003 GE_BSU
008 181216s||||||||xx |||||||||||||| ||und||
040 _cGE_BSU
080 _a031
245 _aСоветский энциклопедический словарь.
245 _cНаучно-редакционый совет:А.М.Прохоров, М.С. Гиояров, Е.М. Жуков и др.
260 _aМосква.
260 _bСоветская энциклопедия.
260 _c1980.
300 _a1600стр.27см.
300 _eилл.
653 _aСоветский энциклопедический словарь.
942 _cBK
999 _c44332
_d44332